000 00581nam a2200193 i 4500
001 23561
003 ES-MaACL
005 20230906152909.0
007 t|
008 021211s1958 sp ||||1| spa d
100 1 _aAllue Morer, Antonio.
_920059
245 1 0 _aAbejas y miel /
_cpor Antonio Allue Morer.
260 _aValladolid :
_b[s.n.,
_c1958] (
_fTall. Gráf. Ceres)
300 _a471 p. :
_bil. ;
_c16 cm.
490 1 _aBiblioteca agrícola de Ceves
830 0 _aBiblioteca agrícola de Ceves
_9229044
852 _aES-MaACL
_jC-16843
_bR.44526
999 _c23561
_d23561